[Event "Netanya-A"]
[Site "Netanya"]
[Date "1973.??.??"]
[Round "9"]
[White "Tatai, Stefano"]
[Black "Saidy, Anthony Fred"]
[Result "0-1"]
[WhiteElo "2460"]
[BlackElo "2425"]

1.d4 Nf6 2.c4 g6 3.Nc3 d5 4.cxd5 Nxd5 5.e4 Nxc3 6.bxc3 Bg7 7.Bc4 c5 8.Ne2 Nc6
9.Be3 O-O 10.O-O Qc7 11.Rc1 Rd8 12.Bf4 Qd7 13.d5 Na5 14.Bd3 b5 15.Rb1 a6
16.Qc1 e6 17.Qa3 c4 18.Bc2 Nb7 19.dxe6 Qxe6 20.Rbd1 Bd7 21.Bg5 Bf8 22.Qc1 f6
23.Be3 Nc5 24.Nf4 Qf7 25.Qd2 Be7 26.f3 Bc6 27.Qf2 Ne6 28.Ne2 Rxd1 29.Rxd1 Rd8
30.Rf1 Qf8 31.h4 Bc5 32.Nd4 Nxd4 33.cxd4 Bb6 34.h5 Qa3 35.hxg6 hxg6 36.Rd1 Qxa2
37.f4 b4 38.Qg3 Be8 39.Bb1 Qb3 40.Qf3 c3 41.Qe2 Qa4  0-1

[Event "Netanya-A"]
[Site "Netanya"]
[Date "1973.??.??"]
[Round "9"]
[White "Yanofsky, Daniel Abraham"]
[Black "Peretz, Malkiel"]
[Result "1/2-1/2"]
[WhiteElo "2460"]
[BlackElo "2365"]

1.d4 Nf6 2.c4 c5 3.d5 b5 4.cxb5 a6 5.bxa6 Bxa6 6.Nc3 g6 7.Nf3 d6 8.Nd2 Bg7
9.e4 Bxf1 10.Nxf1 O-O 11.Ne3 Nbd7 12.O-O Qb6 13.Qc2 Rfb8 14.Nc4 Qb4 15.b3 Ng4
16.Bd2 Nge5 17.Ne3 Qd4 18.Ne2 Qd3 19.Qxd3 Nxd3 20.Bc3 Nf4 21.Nxf4 Bxc3 22.Rab1 Rxa2
23.Nc4 Bd4 24.Nd3 Nf6 25.Rfe1 Bc3 26.Re3 Ng4 27.Nc1 Nxe3 28.Nxa2 Nxc4 29.Nxc3 Nd2
30.Rc1 Rxb3 31.f3 Kg7 32.Rc2 Nc4 33.Ne2 Ne3 34.Ra2 f5 35.Kf2 fxe4 36.Nc1 Nd1+
37.Ke1 Nc3 38.Nxb3 Nxa2 39.fxe4 Nc3 40.Nd2 Kf6 41.Kf2 e6 42.dxe6 Kxe6 43.Ke3 d5
44.exd5+ Nxd5+ 45.Ke4 Nf6+ 46.Kd3 Kd5 47.Nf3 c4+ 48.Kd2 Kc5 49.Kc2 Nd5 50.Ng5 Kd4
51.Ne6+ Ke5 52.Ng5 Nf6 53.Nf3+ Kd5 54.Kc3 Kc5 55.Ng5 Nd5+ 56.Kc2 h6 57.Nf7 Kd4
58.Nxh6 Ne3+ 59.Kc1 Nxg2 60.Nf7 Kc3 61.Ne5 Nf4 62.Nf3 Kd3 63.Kd1 c3 64.Ne5+ Kd4
65.Nc6+ Kc5 66.Ne7 Kc4 67.Kc2 g5 68.Nc6 Nd5 69.Ne5+ Kb4 70.Nc6+ Kb5 71.Ne5 Kc5
72.Nf3 Kc4 73.Ne5+ Kc5 74.Nf3 Kc4 75.Ne5+ Kc5  1/2-1/2

[Event "Netanya-A"]
[Site "Netanya"]
[Date "1973.??.??"]
[Round "9"]
[White "Czerniak, Moshe"]
[Black "Friedman, Shmuel"]
[Result "0-1"]
[WhiteElo "2370"]
[BlackElo "2200"]

1.e4 c5 2.g3 Nc6 3.Bg2 g6 4.Ne2 Bg7 5.O-O d6 6.d3 e6 7.f4 Nge7 8.Nd2 Nd4
9.c3 Nxe2+ 10.Qxe2 O-O 11.Nf3 Rb8 12.Be3 b5 13.d4 cxd4 14.Nxd4 Bd7 15.Rad1 Qc7
16.Rd2 a6 17.Rfd1 Rfd8 18.g4 b4 19.c4 e5 20.Nb3 exf4 21.Bxf4 Be5 22.Qf3 Be6
23.Bf1 Nc6 24.Nc1 Qe7 25.Be3 Bg7 26.Bf4 Be5 27.Be2 a5 28.b3 a4 29.Be3 Bc3
30.Rc2 Ra8 31.Bf4 Nd4 32.Rxd4 Bxd4+ 33.Kg2 axb3 34.axb3 Ra1 35.h3 Bc8 36.Bd3 Bb7
37.Bd2 Bc5 38.Bh6 Re8 39.Re2 g5 40.Re1 Qe5 41.Rf1 f6 42.Qe2 Qc3 43.Qc2 Qxc2+
44.Bxc2 Be3 45.Rxf6 Rxc1 46.Bd3 Rd1  0-1

[Event "Netanya-A"]
[Site "Netanya"]
[Date "1973.??.??"]
[Round "10"]
[White "Yanofsky, Daniel Abraham"]
[Black "Romm, Meir"]
[Result "1-0"]
[WhiteElo "2460"]
[BlackElo "2200"]

1.c4 Nf6 2.Nc3 e6 3.Nf3 c5 4.d4 a6 5.e3 b6 6.Bd3 Be7 7.O-O Bb7 8.Qe2 Nc6
9.Rd1 d6 10.a3 O-O 11.Bb1 Qc7 12.b3 Rae8 13.Bb2 Nb8 14.Bc2 Nbd7 15.d5 e5
16.Ng5 h6 17.Nf3 Nh7 18.g4 Bd8 19.h3 g6 20.Nh2 f5 21.gxf5 gxf5 22.Qh5 Kh8
23.Kh1 Bg5 24.f4 Ndf6 25.Qf3 Bh4 26.Rg1 e4 27.Qe2 Rg8 28.Na4 Rxg1+ 29.Rxg1 Rg8
30.Rg2 Rxg2 31.Qxg2 b5 32.cxb5 axb5 33.Nc3 Qd7 34.Qg6 b4 35.Qxh6 bxa3 36.Ba1 Be1
37.Nxe4  1-0

[Event "Netanya-A"]
[Site "Netanya"]
[Date "1973.??.??"]
[Round "10"]
[White "Saidy, Anthony Fred"]
[Black "Domnitz, Zadok"]
[Result "1/2-1/2"]
[WhiteElo "2425"]
[BlackElo "2350"]

1.c4 Nf6 2.Nc3 g6 3.d4 Bg7 4.e4 d6 5.f3 O-O 6.Be3 b6 7.Bd3 Bb7 8.Nge2 c5
9.d5 e6 10.O-O Nbd7 11.Ng3 Ne5 12.Be2 exd5 13.cxd5 a6 14.a4 Re8 15.Qd2 Qc7
16.Rac1 Bc8 17.b3 Rb8 18.b4 Ned7 19.Rfe1 Qd8 20.b5 a5 21.f4 Bb7 22.Bc4 h5
23.e5 dxe5 24.f5 h4 25.Nge4 Nxe4 26.Nxe4 gxf5 27.Nd6  1/2-1/2

[Event "Netanya-A"]
[Site "Netanya"]
[Date "1973.??.??"]
[Round "10"]
[White "Porath, Yosef"]
[Black "Kavalek, Lubomir"]
[Result "0-1"]
[WhiteElo "2340"]
[BlackElo "2565"]

1.d4 g6 2.c4 Bg7 3.Nf3 d6 4.Nc3 Nd7 5.g3 Ngf6 6.Bg2 O-O 7.O-O e5 8.e4 c6
9.h3 Qb6 10.dxe5 dxe5 11.Qe2 a5 12.Be3 Qb4 13.c5 a4 14.a3 Qa5 15.Nd2 b5 16.Na2 Rd8
17.Nb4 Qc7 18.Kh2 Nh5 19.Nf3 Re8 20.Rfd1 Bf8 21.Qc2 Ndf6 22.Nd2 Be6 23.b3 Nd7
24.Rdc1 axb3 25.Nxb3 Ra4 26.Nd2 Rea8 27.Qb2 Nb8 28.Nb1 R4a5 29.Nc3 Bc4 30.Bf1 Bxf1
31.Rxf1 Qa7 32.Rfc1 Nf6 33.Ncd5 cxd5 34.c6 Qc7 35.Nxd5 Nxd5 36.exd5 Bd6 37.Bc5 Na6
38.Bxd6 Qxd6 39.Qc3 Nc7 40.Qc5 Qxd5  0-1

[Event "Netanya-A"]
[Site "Netanya"]
[Date "1973.??.??"]
[Round "10"]
[White "Camara, Helder"]
[Black "Kraidman, Yair"]
[Result "0-1"]
[WhiteElo "2405"]
[BlackElo "2455"]

1.d4 Nf6 2.Nf3 e6 3.c4 b6 4.g3 Bb7 5.Bg2 Be7 6.Nc3 Ne4 7.Qc2 Nxc3 8.Qxc3 O-O
9.O-O Be4 10.Ne1 Bxg2 11.Nxg2 Bf6 12.Qf3 Nc6 13.e3 Na5 14.b3 c5 15.Ba3 d6
16.Rad1 cxd4 17.exd4 Rc8 18.Qd3 Re8 19.d5 e5 20.Qe4 Nb7 21.Ne3 Nc5 22.Bxc5 bxc5
23.Kg2 Rc7 24.Rd3 g6 25.f4 exf4 26.Qxf4 Bg5 27.Qf3 Rce7 28.Nd1 f5 29.Rf2 Bf6
30.Rdd2 Re1 31.Rf1 R1e4 32.Nf2 Re3 33.Qd1 Qe7 34.Qc2 Bd4 35.Kh1 Re2 36.Rxe2 Qxe2
37.Qxe2 Rxe2 38.Nd3 Rxa2 39.Nf4 Kf7 40.Ne6 Be5 41.Rb1 a5 42.Re1 Bf6 43.Nc7 g5
44.Re6 a4 45.bxa4 Rxa4 46.Ne8 Be7 47.Nxd6+ Bxd6 48.Rxd6 Rxc4 49.Kg2 Rc2+
50.Kg1 Rd2 51.h4 gxh4 52.gxh4 h5 53.Kf1  0-1

[Event "Netanya-A"]
[Site "Netanya"]
[Date "1973.??.??"]
[Round "10"]
[White "Pachman, Ludek"]
[Black "Czerniak, Moshe"]
[Result "1-0"]
[WhiteElo "2510"]
[BlackElo "2370"]

1.c4 g6 2.g3 Bg7 3.Bg2 e5 4.Nc3 Ne7 5.Nf3 O-O 6.O-O d6 7.Rb1 f5 8.d3 Nd7
9.Bg5 h6 10.Bxe7 Qxe7 11.b4 Nf6 12.b5 g5 13.Nd2 Qf7 14.Nd5 Nh7 15.e3 f4 16.Qe2 Be6
17.exf4 gxf4 18.gxf4 c6 19.bxc6 bxc6 20.f5 Bxd5 21.cxd5 cxd5 22.Rb5 Nf6 23.Rfb1 Rac8
24.Nf1 d4 25.Ng3 Rfd8 26.h3 Rc7 27.Rb7 Rxb7 28.Rxb7 Rd7 29.Rb8+ Bf8 30.Kh2 Kh7
31.Ne4 Nxe4 32.Qxe4 d5 33.Qxe5 Qe7 34.f4 Qxe5 35.fxe5  1-0

[Event "Netanya-A"]
[Site "Netanya"]
[Date "1973.??.??"]
[Round "10"]
[White "Friedman, Shmuel"]
[Black "Kaldor, Avraham"]
[Result "0-1"]
[WhiteElo "2200"]
[BlackElo "2200"]

1.c4 g6 2.Nc3 Bg7 3.g3 e5 4.Bg2 d6 5.Nf3 f5 6.d3 Ne7 7.e4 O-O 8.exf5 Nxf5
9.O-O c6 10.Rb1 a5 11.a3 h6 12.b4 axb4 13.axb4 Nd7 14.Qb3 Kh8 15.Ba3 g5 16.h3 Nf6
17.c5 Qe8 18.Bb2 g4 19.Nh2 gxh3 20.Bh1 d5 21.Ne2 d4 22.Ra1 Rxa1 23.Rxa1 Be6
24.Qd1 Bd5 25.Ra7 Bxh1 26.Kxh1 Qf7 27.Ng1 Qd5+ 28.Nhf3 Ng4 29.Nxh3 Nge3 30.fxe3 Nxe3
31.Qe2 Rxf3 32.Kh2 Ng4+  0-1

[Event "Netanya-A"]
[Site "Netanya"]
[Date "1973.??.??"]
[Round "11"]
[White "Romm, Meir"]
[Black "Peretz, Malkiel"]
[Result "1-0"]
[WhiteElo "2200"]
[BlackElo "2365"]

1.c4 Nf6 2.Nc3 e6 3.Nf3 d5 4.d4 c5 5.cxd5 Nxd5 6.e4 Nxc3 7.bxc3 cxd4 8.cxd4 Nc6
9.Bc4 b5 10.Be2 a6 11.O-O Be7 12.a4 bxa4 13.Bf4 Nb4 14.Qxa4+ Bd7 15.Qb3 Bc6
16.d5 exd5 17.Ne5 Bb7 18.Qa4+ Kf8 19.Bh5 g6 20.Bh6+ Kg8 21.Rad1 a5 22.Bg4 Bf8
23.Be3 Qe8 24.Nd7 Bg7 25.exd5 h5 26.Bh3 Bxd5 27.Bg5 Be6 28.Rfe1 Kh7 29.Bxe6 fxe6
30.Qb3 Qf7 31.Qxe6 Qxe6 32.Rxe6 Rhe8 33.Rde1 Rxe6 34.Rxe6 Ra6 35.Re7 Nd5
36.Re8 Rd6 37.Nf8+ Bxf8 38.Rxf8 Rd7 39.h4 Ra7 40.Rd8 Ne7 41.Be3 Rb7 42.Bd4 g5
43.hxg5 Nc6 44.Rh8+ Kg6 45.Rh6+ Kxg5 46.Rxc6  1-0

[Event "Netanya-A"]
[Site "Netanya"]
[Date "1973.??.??"]
[Round "11"]
[White "Damjanovic, Mato"]
[Black "Friedman, Shmuel"]
[Result "1-0"]
[WhiteElo "2465"]
[BlackElo "2200"]

1.b3 e5 2.Bb2 d6 3.c4 Nf6 4.g3 g6 5.Bg2 Bg7 6.Nf3 Nc6 7.Nc3 O-O 8.O-O Re8
9.d3 h6 10.Rb1 Be6 11.Nd2 Qd7 12.Re1 Kh7 13.a3 a5 14.Nd5 Qc8 15.e3 Bf5 16.Ne4 Nxd5
17.cxd5 Nd8 18.Rc1 Qd7 19.Nc3 c6 20.h4 Bg4 21.Qc2 Bh3 22.Bh1 Ra6 23.Kh2 Kg8
24.b4 axb4 25.axb4 Ra8 26.b5 Rc8 27.Ne4 Bf5 28.Ba3 Bxe4 29.Bxe4 c5 30.Qb3 Ra8
31.Rb1 b6 32.Bb2 Nb7 33.Bc3 c4 34.Qxc4 Rec8 35.Qc6 Qe7 36.Ra1 Na5 37.Bxa5 Rxc6
38.dxc6 Rb8 39.Bb4 Qe6 40.c7 Rc8 41.Ra8 Bf8 42.Rc1 d5 43.Bxd5  1-0

[Event "Netanya-A"]
[Site "Netanya"]
[Date "1973.??.??"]
[Round "11"]
[White "Kraidman, Yair"]
[Black "Porath, Yosef"]
[Result "0-1"]
[WhiteElo "2455"]
[BlackElo "2340"]

1.c4 c5 2.Nc3 Nf6 3.Nf3 Nc6 4.d4 cxd4 5.Nxd4 e6 6.Ndb5 Bb4 7.a3 Bxc3+ 8.Nxc3 d5
9.e3 O-O 10.Bd2 e5 11.cxd5 Nxd5 12.Qb3 Nb6 13.Qc2 Be6 14.Ne4 Rc8 15.Nc5 Qe7
16.Nxe6 Qxe6 17.Bd3 Nd4 18.Bxh7+ Kh8 19.Qe4 Nc2+ 20.Qxc2 Rxc2 21.Bxc2 Qc6
22.O-O-O Rc8 23.Bc3 Na4 24.Bxa4 Qxa4 25.Rd2 f6 26.f3 Kh7 27.e4 b5 28.Rhd1 a5
29.Rd8 Rxd8 30.Rxd8 b4 31.axb4 axb4 32.Bd2 b3 33.Bc3 Qa1+ 34.Kd2 Qg1 35.Rb8 Qxg2+
36.Ke3 Qg1+ 37.Ke2 Qxh2+ 38.Ke3 Qc2 39.Rd8 Qc1+ 40.Kf2 g5 41.Rd2 Qh1 42.Rd7+ Kg6
43.Rd8 Kf7 44.Rd7+ Ke6 45.Rg7 Qh6 46.Rb7 g4 47.Bb4 Qh2+ 48.Kf1  0-1

[Event "Netanya-A"]
[Site "Netanya"]
[Date "1973.??.??"]
[Round "11"]
[White "Czerniak, Moshe"]
[Black "Saidy, Anthony Fred"]
[Result "1-0"]
[WhiteElo "2370"]
[BlackElo "2425"]

1.e4 g6 2.d4 Bg7 3.c3 d6 4.f4 Nf6 5.Bd3 e5 6.Nf3 exd4 7.cxd4 O-O 8.Nc3 Nc6
9.O-O Bg4 10.Be3 Re8 11.h3 Bf5 12.Ng5 Nxe4 13.Bxe4 Bxe4 14.Ncxe4 d5 15.f5 h6
16.Nxf7 Qe7 17.Nxh6+ Bxh6 18.Bxh6 Qxe4 19.Rf4 Qe2 20.fxg6 Qxd1+ 21.Rxd1 Re6
22.Rdf1 Rxg6 23.Rf8+ Rxf8 24.Rxf8+ Kh7 25.Bf4 Nxd4 26.Be5 Ra6 27.Bxd4 Ra4
28.Be5 c5 29.Rd8 d4 30.Rd7+ Kg6 31.Rxb7 Rxa2 32.Rb5 d3 33.Bc3 Ra1+ 34.Kf2 c4
35.h4 Rh1 36.Rg5+ Kh6 37.Rg4 Rc1 38.Bd2+  1-0

[Event "Netanya-A"]
[Site "Netanya"]
[Date "1973.??.??"]
[Round "12"]
[White "Peretz, Malkiel"]
[Black "Friedman, Shmuel"]
[Result "1-0"]
[WhiteElo "2365"]
[BlackElo "2200"]

1.e4 c5 2.Nf3 Nc6 3.d4 cxd4 4.Nxd4 g6 5.c4 Nf6 6.Nc3 Nxd4 7.Qxd4 d6 8.Be3 Bg7
9.f3 O-O 10.Qd2 Bd7 11.Be2 Bc6 12.O-O Nd7 13.b4 b6 14.Rac1 Rc8 15.Rfd1 Bb7
16.Bf1 Re8 17.Qf2 Bh8 18.Nb5 a6 19.Nc3 b5 20.Nd5 bxc4 21.Bxc4 e6 22.Nb6 Nxb6
23.Bxb6 Qd7 24.Bc5 d5 25.Qd2 Qc7 26.exd5 exd5 27.Bxd5 Rcd8 28.Qg5 Rxd5 29.Rxd5 h6
30.Qd2 Bxd5 31.Qxd5 Qf4 32.Rd1 Be5 33.g3 Qf6 34.Qd7 Re6 35.Qd8+ Kg7 36.Qf8+ Kh7
37.Rd7 Bd4+ 38.Bxd4  1-0

[Event "Netanya-A"]
[Site "Netanya"]
[Date "1973.??.??"]
[Round "12"]
[White "Camara, Helder"]
[Black "Domnitz, Zadok"]
[Result "1-0"]
[WhiteElo "2405"]
[BlackElo "2350"]

1.d4 Nf6 2.Nf3 g6 3.c4 Bg7 4.Nc3 O-O 5.Bg5 h6 6.Bh4 c5 7.e3 d6 8.Be2 Nbd7
9.O-O a6 10.Qc2 Rb8 11.Rfd1 Qc7 12.Rac1 Re8 13.a3 e5 14.dxe5 dxe5 15.Nd2 Bf8
16.Bf3 b5 17.Nde4 Be7 18.Nxf6+ Nxf6 19.Bxf6 Bxf6 20.Nd5 Qd8 21.cxb5 Bg7 22.b6 Qg5
23.e4 h5 24.a4 h4 25.a5 h3 26.g3 Bb7 27.Qc4 Red8 28.Rc2 Bf8 29.Rcd2 Rd6 30.Qf1 Bc8
31.Ne7+ Bxe7 32.Rxd6 Bxd6 33.Rxd6 Be6 34.Qd1 Kg7 35.Qd2 Qe7 36.Be2 c4 37.Bf1 Qb7
38.Qe3 Re8 39.Rd1 Qe7 40.Qc3 Qc5 41.b3 f6 42.bxc4 Kf7 43.Qd2 g5 44.Qd6  1-0

[Event "Netanya-A"]
[Site "Netanya"]
[Date "1973.??.??"]
[Round "12"]
[White "Reshevsky, Samuel Herman"]
[Black "Czerniak, Moshe"]
[Result "0-1"]
[WhiteElo "2565"]
[BlackElo "2370"]

1.Nf3 g6 2.e4 Bg7 3.d4 d6 4.Be2 Nf6 5.Nc3 O-O 6.O-O b6 7.Re1 Bb7 8.Bf1 c5
9.d5 Na6 10.Bg5 h6 11.Bh4 Nc7 12.a4 a6 13.Nd2 Rb8 14.Nc4 b5 15.axb5 axb5
16.Na5 Ba8 17.Qd2 Kh7 18.f3 Nd7 19.Ra2 c4 20.Ne2 Rc8 21.Nd4 Nb8 22.f4 Qd7
23.f5 g5 24.Bf2 e6 25.dxe6 fxe6 26.fxe6 Nxe6 27.Nf5 c3 28.Qxd6 Qf7 29.Qg3 Nf4
30.Nxg7 Qxa2 31.b4 Kxg7 32.h4 Qe6 33.hxg5 hxg5 34.Bxb5 Kg6 35.Nb3 Nc6 36.Nc5 Qd6
37.Qxc3 Ne5 38.Bd4 Ng4 39.e5 Qd5 40.Bd3+ Kh6 41.Be4 Qf7 42.Qf3 Qh5 43.Qg3 Bxe4
44.Rxe4 Rcd8 45.Nb3 Kg6 46.Rxf4 Rxf4 47.Qd3+ Kg7 48.Qh3 Rfxd4 49.Nxd4 Rxd4  0-1

[Event "Netanya-A"]
[Site "Netanya"]
[Date "1973.??.??"]
[Round "12"]
[White "Saidy, Anthony Fred"]
[Black "Kaldor, Avraham"]
[Result "1-0"]
[WhiteElo "2425"]
[BlackElo "2200"]

1.c4 Nf6 2.Nc3 c5 3.g3 d5 4.cxd5 Nxd5 5.Bg2 Nc7 6.d3 e5 7.Nf3 Nc6 8.Nd2 Bd7
9.O-O Be7 10.Nc4 f6 11.f4 b5 12.Ne3 exf4 13.Nf5 O-O 14.Bxf4 Bxf5 15.Bxc6 Bh3
16.Bxc7 Qxc7 17.Bxa8 Rxa8 18.Nd5 Qe5 19.Nxe7+ Qxe7 20.Rf2 a6 21.Qd2 Rd8 22.Qf4 h5
23.Rc1 Rd5 24.b3 Re5 25.e4 Qd8 26.Qe3 Qa5 27.Rfc2 Kh7 28.Qf2 Qd8 29.Qe3 Qa5
30.Qf3 Qb6 31.Qf2 Qd8 32.Rd2 Qa5 33.Qe3 Kg6 34.Kf2 Bg4 35.Kg2 Kh7 36.Rdc2 Kg6
37.Qf2 Qd8 38.Qe3 Qa5 39.Rf2 Qd8 40.Rd2 Qa5 41.Rf2 b4 42.Rfc2 Be6 43.h4 Bg4
44.Kf2 Be6 45.Ke1 Bg4 46.Kd2 Be6 47.Rxc5 Rxc5 48.Qxc5 Qxa2+ 49.Qc2 Qa3 50.Rb1 Qa5
51.d4 Qb6 52.Qc5 Qb8 53.d5 Bg4 54.d6 a5 55.Ke3 Qa8 56.Rf1 Qa6 57.Re1 a4 58.Qd4 Qb5
59.e5 fxe5 60.Qd3+ Qxd3+ 61.Kxd3 axb3 62.Rxe5 Kf6 63.Rb5 Ke6 64.Rxb4 Bd1
65.Kd2 Bc2 66.Rd4 Kd7 67.Kc3 g6 68.Rd2 Ke8 69.d7+ Kd8 70.Rd6 Bf5 71.Kxb3 Bxd7
72.Rxg6 Ke7 73.Kc3 Kf7 74.Rg5 Bg4 75.Rxg4  1-0

[Event "Netanya-A"]
[Site "Netanya"]
[Date "1973.??.??"]
[Round "12"]
[White "Porath, Yosef"]
[Black "Tatai, Stefano"]
[Result "1-0"]
[WhiteElo "2340"]
[BlackElo "2460"]

1.d4 Nf6 2.c4 c5 3.Nf3 cxd4 4.Nxd4 e6 5.Nc3 Bb4 6.Bd2 Nc6 7.a3 Be7 8.e3 O-O
9.Be2 d6 10.O-O Bd7 11.Rc1 Rc8 12.Nxc6 Bxc6 13.b4 b6 14.Qb3 Qd7 15.Rfd1 Qb7
16.f3 Rfd8 17.e4 Ne8 18.Be3 Bf6 19.Rd2 h6 20.Rcd1 Be5 21.Bf1 Qb8 22.Ne2 Bb7
23.Bd4 Bxd4+ 24.Rxd4 a6 25.Nc3 Qc7 26.Na4 Ra8 27.Qe3 Bc6 28.Nc3 Rdc8 29.R4d2 Ra7
30.Be2 Qb8 31.Kf2 Rac7 32.e5 dxe5 33.Qxe5 Nf6 34.g3 Be8 35.Qe3 a5 36.Ne4 Nxe4+
37.fxe4 axb4 38.axb4 Bc6 39.Rd6 Qa8 40.Qxb6 Bxe4 41.Qxc7 Rxc7 42.Rd8+  1-0

[Event "Netanya-A"]
[Site "Netanya"]
[Date "1973.??.??"]
[Round "12"]
[White "Romm, Meir"]
[Black "Kavalek, Lubomir"]
[Result "1/2-1/2"]
[WhiteElo "2200"]
[BlackElo "2565"]

1.e4 c5 2.Nc3 Nc6 3.g3 g6 4.Bg2 Bg7 5.d3 d6 6.Be3 e5 7.Qd2 Nge7 8.Bh6 Bxh6
9.Qxh6 Nd4 10.Qd2 Qa5 11.h3 Be6 12.Nge2 Nec6 13.a3 c4 14.O-O Rc8 15.Kh2 Nxe2
16.Qxe2 Nd4 17.Qd1 cxd3 18.cxd3 h5 19.Rc1 h4 20.g4 g5 21.Nd5 Rxc1 22.Qxc1 Bxd5
23.exd5 Qd8 24.Qe3 Qf6 25.Rc1 Kd7 26.Be4 Rc8 27.Rc4 Rxc4 28.dxc4 Qf4+ 29.Kg2 Qxe3
30.fxe3 Nb3 31.Kf2 a5 32.Ke2 Kc7 33.Bc2 Nc5 34.Kd2 a4 35.Kc3 Kb6 36.Kb4 f6
37.Bf5 Nb3 38.Kc3 Ka5 39.Bg6 Nc5 40.Bc2 Na6  1/2-1/2

[Event "Netanya-A"]
[Site "Netanya"]
[Date "1973.??.??"]
[Round "12"]
[White "Yanofsky, Daniel Abraham"]
[Black "Kraidman, Yair"]
[Result "0-1"]
[WhiteElo "2460"]
[BlackElo "2455"]

1.c4 Nf6 2.Nc3 g6 3.g3 Bg7 4.Bg2 O-O 5.Nf3 d6 6.d4 Nc6 7.O-O Bg4 8.d5 Na5
9.Nd2 c5 10.h3 Bd7 11.Qc2 a6 12.b3 b5 13.Bb2 Rb8 14.Nd1 bxc4 15.bxc4 e5 16.e4 Bh6
17.Ne3 Bxe3 18.fxe3 Nh5 19.g4 Ng7 20.Bc3 h5 21.g5 Nb7 22.Rf6 Ne8 23.Raf1 Nxf6
24.Rxf6 a5 25.Nf3 a4 26.Qe2 Qe7 27.Nh4 Kg7 28.Nf3 a3 29.Qf2 Ra8 30.Qg3 Kh7
31.Bf1 Ra4 32.Qe1 Rfa8 33.Qb1 Na5 34.Nd2 Ra7 35.Qb6 Nb7 36.h4 R4a6 37.Qb1 Bg4
38.Bd3 Nd8 39.Qa1 Qd7 40.Kh2 Rb7 41.Bc2 Rab6 42.Bb3 Be2 43.Qe1 Bd3 44.Qd1 Kg8
45.Ba4 Qc8 46.Bb3 Rb8 47.Qf3 Qd7 48.Qg3 Nb7 49.Nf3 Qg4 50.Qxg4 hxg4 51.Nd2 Kf8
52.Kg3 Ke7 53.Kxg4 Rxb3 54.Nxb3 Bxc4 55.Nc1 Nd8 56.Rf2 Rb1 57.Rc2 Bf1 58.Kf3 Nb7
59.Nb3 Bd3 60.Rc1 Rb2 61.Ra1 Rc2 62.Be1 c4 63.Nc1 Nc5 64.Nxd3 Nxd3 65.Ba5 c3
66.Kg3 Re2 67.Bxc3 Rxe3+ 68.Kh2 Rxe4 69.Rb1 Nb2 70.Be1 Rd4 71.Rc1 Rxd5 72.Rc7+ Ke6
73.Bb4 Rd3 74.Kg2 e4 75.Bc3 Nd1 76.Bg7 Ne3+ 77.Kf2 Nf5 78.Bf6 Rd2+  0-1

[Event "Netanya-A"]
[Site "Netanya"]
[Date "1973.??.??"]
[Round "13"]
[White "Domnitz, Zadok"]
[Black "Porath, Yosef"]
[Result "1/2-1/2"]
[WhiteElo "2350"]
[BlackElo "2340"]

1.e4 e5 2.Nf3 Nc6 3.Bb5 a6 4.Ba4 Nf6 5.O-O Be7 6.Re1 b5 7.Bb3 d6 8.c3 O-O
9.h3 Na5 10.Bc2 c5 11.d4 Qc7 12.Nbd2 cxd4 13.cxd4 Nc6 14.Nb3 a5 15.Be3 a4
16.Nbd2 Ba6 17.Rc1 Qb7 18.d5 Na5 19.b3 a3 20.Bd3 b4 21.Qe2 Bxd3 22.Qxd3 Rfc8
23.Nc4 Nxc4 24.bxc4 Nd7 25.Rb1 h6 26.h4 Nc5 27.Bxc5 Rxc5 28.g3 Rb8 29.Nd2 Qc8
30.Rec1 Qa6 31.Kg2 g6 32.Rb3 g5 33.Rcb1 gxh4 34.Rxb4 Rxb4 35.Rxb4 hxg3 36.fxg3 Bg5
37.Nf3 Kg7 38.Ne1 Qa5 39.Nc2 Qa6 40.Rb5 Rxb5 41.cxb5 Qa5 42.Kf3 Bc1 43.Ke2 Qb6
44.Kf3 Kg6 45.Qc4 Qa5 46.Qb4 Qb6 47.Kg2 f6 48.Qc4 Qa5 49.Qb4 Qb6 50.Qc4 Qa5
51.Nb4  1/2-1/2

[Event "Netanya-A"]
[Site "Netanya"]
[Date "1973.??.??"]
[Round "13"]
[White "Friedman, Shmuel"]
[Black "Pachman, Ludek"]
[Result "1-0"]
[WhiteElo "2200"]
[BlackElo "2510"]

1.c4 e5 2.Nc3 Nf6 3.g3 Bb4 4.Bg2 O-O 5.Nd5 Nxd5 6.cxd5 Re8 7.Nf3 c6 8.Qb3 Bc5
9.d4 exd4 10.Ng5 h6 11.dxc6 dxc6 12.Qxf7+ Kh8 13.Be4 Bb4+ 14.Kf1 Re7 15.Qg6 Qg8
16.a3 Ba5 17.Bc2 Nd7 18.Bb3 Nf8 19.Nf7+ Rxf7 20.Qxf7 Bh3+ 21.Kg1 Qxf7 22.Bxf7 Rd8
23.Bc4 Ng6 24.f4 d3 25.Be3 dxe2 26.Bxe2 Bd2 27.Kf2 Bxe3+ 28.Kxe3 Ne7 29.Rhd1 Nd5+
30.Kf2 g5 31.Bf3 gxf4 32.Bxd5 cxd5 33.gxf4 Bf5 34.Rac1 Rd7 35.Ke3 Be4 36.Kd4 Kg7
37.Rc8 Kf6 38.Rg1 Kf5 39.Rf8+ Ke6 40.f5+  1-0

[Event "Netanya-A"]
[Site "Netanya"]
[Date "1973.??.??"]
[Round "13"]
[White "Kaldor, Avraham"]
[Black "Reshevsky, Samuel Herman"]
[Result "1/2-1/2"]
[WhiteElo "2200"]
[BlackElo "2565"]

1.e4 e5 2.Nf3 Nc6 3.d4 exd4 4.c3 d3 5.c4 d6 6.Bxd3 Nf6 7.Nc3 Bg4 8.h3 Bxf3
9.Qxf3 Ne5 10.Qe2 Nxd3+ 11.Qxd3 Be7 12.O-O O-O 13.Be3 Nd7 14.Rad1 Bf6 15.Nd5 Re8
16.Nxf6+ Nxf6 17.f3 b6 18.Rfe1 Qe7 19.Bd4 Nd7 20.Qc3 f6 21.Bf2 a5 22.b3 Qf7
23.Qc2 Re7 24.Kh2 h5 25.Rd2 Rae8 26.Rc1 Ra8 27.Qd3 Nc5 28.Qd5 Rae8 29.Rc3 Re5
30.Qxf7+ Kxf7 31.a3 Ra8 32.b4 axb4 33.axb4 Nd7 34.Bd4 Re6 35.c5 dxc5 36.bxc5 Nxc5
37.Bxc5  1/2-1/2

[Event "Netanya-A"]
[Site "Netanya"]
[Date "1973.??.??"]
[Round "13"]
[White "Kraidman, Yair"]
[Black "Romm, Meir"]
[Result "1/2-1/2"]
[WhiteElo "2455"]
[BlackElo "2200"]

1.d4 Nf6 2.c4 e6 3.Nc3 c5 4.d5 exd5 5.cxd5 g6 6.e4 d6 7.Nf3 Bg7 8.Be2 O-O
9.O-O Bg4 10.Be3 Re8 11.Nd2 Bxe2 12.Qxe2 a6 13.a4 Nbd7 14.f3 Rc8 15.Kh1 Qe7
16.Rae1 Nf8 17.Nc4 N6d7 18.Bf4 Ne5 19.Bxe5 Bxe5 20.f4 Bxc3 21.bxc3 b5 22.axb5 axb5
23.Na5 Qd7 24.c4 Ra8 25.Nc6 f5 26.e5 b4 27.Qb2 Qg7 28.Qf2 Qc7 29.h3 Ne6 30.Qb2 dxe5
31.Rxe5 Ng7 32.Rfe1 Rxe5 33.fxe5 Re8 34.Qf2 Ne6 35.Qh4 Nd8 36.Nxd8 Qxd8 37.Qxd8 Rxd8
38.e6 Ra8 39.d6 Kf8 40.Kh2 Ke8 41.Kg3 g5  1/2-1/2

[Event "Netanya-A"]
[Site "Netanya"]
[Date "1973.??.??"]
[Round "13"]
[White "Tatai, Stefano"]
[Black "Yanofsky, Daniel Abraham"]
[Result "1/2-1/2"]
[WhiteElo "2460"]
[BlackElo "2460"]

1.e4 Nf6 2.e5 Nd5 3.Nc3 Nb6 4.a4 a5 5.d4 d6 6.exd6 exd6 7.Nf3 Be7 8.Ne4 Nc6
9.c3 Bf5 10.Bd3 Bg6 11.O-O h6 12.Ne1 O-O 13.Ng3 Re8 14.f4 Bxd3 15.Nxd3 Nd7
16.f5 Bg5 17.Nf4 Nf6 18.Qf3 d5 19.Ngh5 Nxh5 20.Qxh5 Re4 21.f6 Bxf4 22.Bxf4 Qxf6
23.Bxc7 Qe6 24.Bg3 Rf8 25.Qf5 Ne7 26.Qxe6 fxe6 27.Rxf8+ Kxf8 28.Ra3 Nf5 29.Kf2 Ne3
30.Rb3 Nd1+ 31.Kf1 Ne3+ 32.Ke2 Nxg2+ 33.Kf3 Ne3 34.Rxb7 g5 35.Be5 h5 36.b4 Nc4
37.Bc7 Re3+ 38.Kf2 e5 39.dxe5 axb4 40.cxb4 d4 41.Bd6+ Kg8 42.Bc5 Re4 43.Rd7 Nxe5
44.Rxd4 Ng4+ 45.Kf3 Re3+ 46.Kg2 Re2+ 47.Kf1 Ra2 48.Rd8+ Kh7 49.h3 Nh2+ 50.Ke1 Nf3+
51.Kd1 Rxa4 52.Rd5 Kg6 53.b5 Ra5 54.Bb4 Ra4 55.Bc3 Ra7 56.Rd3 g4  1/2-1/2

[Event "Netanya-A"]
[Site "Netanya"]
[Date "1973.??.??"]
[Round "13"]
[White "Czerniak, Moshe"]
[Black "Camara, Helder"]
[Result "1-0"]
[WhiteElo "2370"]
[BlackElo "2405"]

1.e4 c5 2.b3 Nc6 3.Bb2 d6 4.g3 h5 5.h3 e5 6.Bg2 h4 7.g4 Nge7 8.f4 exf4 9.Ne2 Ng6
10.d4 cxd4 11.Nxd4 Nge5 12.Nc3 Be7 13.Nd5 Bg5 14.O-O Be6 15.Nxf4 Bxf4 16.Rxf4 Qb6
17.Rf2 O-O-O 18.Nxc6 bxc6 19.c4 f6 20.Bd4 c5 21.Bc3 Rhe8 22.Rd2 Re7 23.Qe1 Rh8
24.Rad1 Rd7 25.Qe3 Kc7 26.Rf2 Bxg4 27.hxg4 Nxg4 28.Qd2  1-0

[Event "Netanya-A"]
[Site "Netanya"]
[Date "1973.??.??"]
[Round "13"]
[White "Damjanovic, Mato"]
[Black "Saidy, Anthony Fred"]
[Result "1-0"]
[WhiteElo "2465"]
[BlackElo "2425"]

1.b3 Nf6 2.Bb2 b6 3.Nf3 Bb7 4.e3 e6 5.Be2 Be7 6.O-O O-O 7.c4 d5 8.d4 Nbd7
9.Nc3 dxc4 10.bxc4 c5 11.d5 exd5 12.cxd5 Bd6 13.e4 Re8 14.Qc2 a6 15.a4 Qc7
16.g3 Re7 17.Nh4 g6 18.f4 c4 19.Bf3 Bb4 20.Rad1 Qc5+ 21.Kh1 Rae8 22.e5 Bxc3
23.Qxc3 Nxd5 24.Rxd5 Bxd5 25.e6 Ne5 26.Qxe5 Bxf3+ 27.Nxf3 Qxe5 28.exf7+ Rxf7
29.Nxe5 Rc7 30.Bc3 b5 31.axb5 axb5 32.Rb1 Rb8 33.Kg1 Rcb7 34.Nc6 Rc8 35.Nb4 Kf7
36.Kf2 Ra8 37.Ke2 Ra3 38.Kd2 Rb6 39.Be5 Ra8 40.Kc2 Rb7 41.Rd1 Ra4 42.Rb1 Kg8
43.g4 Ra3 44.Rd1 Rf3 45.h4 Rg3 46.Rd8+ Kf7 47.Rh8 Ke6 48.Re8+ Kf7 49.Rh8 Ke6
50.Na6 Ra7 51.Nc7+ Kd7 52.Nxb5 Ra2+ 53.Kb1 Rf2 54.Rxh7+ Ke8 55.Bb2 Rxb2+
56.Kxb2 Rb3+ 57.Kc2 Rxb5 58.Rh6 Kf7 59.h5 gxh5 60.Rxh5 Rb3 61.Rc5 Rg3 62.g5 Kg6
63.Rc6+ Kg7 64.Rxc4 Kg6 65.Rc6+ Kg7 66.Kd2 Rf3 67.Rf6 Rg3 68.Ke2 Ra3 69.Kf2 Rb3
70.Re6 Kf7 71.Re3 Rb4 72.Kf3  1-0

[Event "Netanya-A"]
[Site "Netanya"]
[Date "1973.??.??"]
[Round "14"]
[White "Peretz, Malkiel"]
[Black "Pachman, Ludek"]
[Result "1/2-1/2"]
[WhiteElo "2365"]
[BlackElo "2510"]

1.e4 e5 2.Nf3 Nc6 3.Bb5 a6 4.Bxc6 dxc6 5.O-O Qd6 6.d4 exd4 7.Qxd4 Qxd4 8.Nxd4 Bd7
9.Be3 O-O-O 10.Nc3 Ne7 11.f4 f5 12.e5 c5 13.Nf3 Nc6 14.Rad1 Be6 15.Rxd8+ Nxd8
16.Rd1 Nf7 17.Nd5 b6 18.c4 b5 19.a4 bxc4 20.Bf2 c6 21.Ne3 Be7 22.Rc1 Kc7
23.Nd2 Rd8 24.Nexc4 g5 25.g3 gxf4 26.gxf4 Rg8+ 27.Kf1 Rg4 28.Bg3 h5 29.Ne3 Rg8  1/2-1/2